LEADER 01220nam a2200277 i 4500 001 000000199452 003 CaOOAMICUS 005 20140415000000.0 008 140415s1929 it u000 u fre u 013 $a178143 040 $aSeMil$bita 100 1 $aMarmion, Columba .$0(OLS)http://semarc/name/90397 245 13$aLe Christ idéal du moine :$bconférences spirituelles sur la vie monastique et religieuse /$cpar Columba Marmion. 250 $a35. mille. 260 $aParis :$bDesclée de Brouwer & Cie,$c1929. 260 $aNamur :$bAbbaye de Maredsous,$c1929. 300 $aVIII, 622 p. ;$c20 cm. 500 $aFondo card. Giovanni Colombo. 650 4$aVita monastica.$0(OLS)http://semarc/subject/3797 850 $aSeMil 852 $aSeMil$W1$xVenegono$y1$m3GC II 43$j150005$B150005$CSeMilBibl$Z2$F161360 $8B 941 1 $a3 961 $aLascito: Colombo Card. Giovanni 996 $6245$aLe Christ idéal du moine :$bconférences spirituelles sur la vie monastique et religieuse$9(OLS)http://semarc/title/288384 996 $6260$aNamur :$bAbbaye de Maredsous$9(OLS)http://semarc/publisher/39305 996 $6260$aParis :$bDesclée de Brouwer & Cie$9(OLS)http://semarc/publisher/30141 LEADER 01351nam a2200325 i 4500 001 000000113812 003 CaOOAMICUS 005 20181204123841.0 008 030403s1991 it u000 u ita u 013 $a86498 020 $a88-7835-069-9 040 $aSeMil$bita 245 10$aTeologia e secolarizzazione /$cintroduzione di Jürgen Moltmann. 260 $aNapoli :$bGuida,$ccopyr. 1991. 300 $a145 p. ;$c23 cm. 490 0 $aLaboratorio / Istituto Suor Orsola Benincasa ;$v4 500 $aFondo Card. C.M. Martini. 650 4$aTeologia.$0(OLS)http://semarc/subject/27 650 4$aSecolarizzazione.$0(OLS)http://semarc/subject/8660 700 1 $aMoltmann, Jürgen,$d<1926-2024>.$0(OLS)http://semarc/name/10148 700 1 $aConvegno «Teologia e secolarizzazione» <1987 ; Napoli>.$0(OLS)http://semarc/name/47624 830 0$aLaboratorio / Istituto Suor Orsola Benincasa ;$v4.$0(OLS)http://semarc/title/11898 850 $aSeMil 852 $aSeMil$W1$xVenegono$y1$m2D III 35$j69465$B69465$CSeMilBibl$Z2$F96763 $81 941 1 $a4 961 $aOmaggio: Martini Card. Carlo Maria 996 $6020$a88-7835-069-9$9(OLS)http://semarc/number/96942 996 $6245$aTeologia e secolarizzazione$9(OLS)http://semarc/title/166250 996 $6260$aNapoli :$bGuida$9(OLS)http://semarc/publisher/31216